000
00305nam a22001217a 4500
999
_c
13766
_d
13766
020
_a
9789694963822
082
_a
327.5491
100
_a
General K.M. Arif
245
_a
Estranged Neighbours India Pakistan 1947-2010
260
_a
Islamabad Pakistan
_b
Dost Publications
_c
2010
300
_a
344
942
_c
BK